| 000 | 00000cam 2200000zi 4500 |
| 001 | 9.941082 |
| 003 | CaOODSP |
| 005 | 20260511144323 |
| 006 | m o d f |
| 007 | cr mn||||||||| |
| 008 | 240715s2022 qucb ob f000 0 eng d |
| 040 | |aCaOODSP|beng|erda|cCaOODSP |
| 043 | |an-cn---|an-us--- |
| 086 | 1 |aEn4-740/2022E-PDF |
| 245 | 00|aCanada - United States Joint Marine Pollution Contingency Plan : |b2022 CANUS JCP. |
| 264 | 1|a[Gatineau, Quebec] : |b[Environment and Climate Change Canada = Environnement et changement climatique Canada], |c[2022] |
| 300 | |a1 online resource (v, 45 pages) : |bmaps |
| 336 | |atext|btxt|2rdacontent |
| 337 | |acomputer|bc|2rdamedia |
| 338 | |aonline resource|bcr|2rdacarrier |
| 500 | |aIssued also in French under title: Plan d'urgence bilatéral Canada - États-Unis en cas de pollution des eaux : PUB CANUS 2022. |
| 504 | |aIncludes bibliographical references (page 27). |
| 650 | 0|aMarine pollution|xInternational cooperation. |
| 650 | 0|aEmergency management|zCanada. |
| 650 | 0|aEmergency management|zUnited States. |
| 710 | 1 |aCanada. |bEnvironment and Climate Change Canada, |eissuing body. |
| 710 | 2 |aCanadian Coast Guard, |eissuing body. |
| 710 | 1 |aUnited States. |bCoast Guard, |eissuing body. |
| 775 | 08|tPlan d'urgence bilatéral Canada - États-Unis en cas des pollution des eaux : |w(CaOODSP)9.941097 |
| 856 | 40|qPDF|s3.91 MB|uhttps://publications.gc.ca/collections/collection_2024/eccc/en4/En4-740-2022-eng.pdf |